Statistiken für Städte Quizz Köln

Klicken Sie hier um das Quiz zu spielen!

Allgemein

  • Dieses Quiz wurde 50 mal gespielt
  • Das Durchschnittsergebnis liegt bei 8 aus 13

Antwortstatistiken

HintAntwort% Korrekt
In welchem Bundesland liegt die stadt KölnNrw
100%
Welches Bier Trinkt man in KölnKölsch
94%
Bekannter Fußball verein aus Köln1 FC Köln
90%
Die wievielt Größte Stadt Deutschlands ist köln4
88%
Welcher Fernsehsender hat in Köln seinen HauptsitzRTL
85%
Was Startet am 11 NovemberKarneval
79%
Wie viele U-bahn linien hat Köln12
60%
welcher Bundeskanzler kam aus KölnKonrad Adenauer
56%
Aktuelle Bürgermeisterin von KölnHenriette Reker
40%
Bekannter Fernsehmoderator aus KölnStefan Raab
38%
Was Findet man drei mal im Kölner Stadt WappenKronen
23%
Jährlicher Kölner Bierkonsum pro kopf in Litern100 Liter
2%
Wie lange hat der Bau des Kölner Doms gedauert623 Jahre
0%

Verteilung der Resultate

Perzentil nach korrekt beantworteten Fragen

Anzahl Personen mit jedem Resultat

Ihre Resultats-Entwicklung

Sie haben dieses Quiz noch nicht gespielt